| 000 | 00619nam a2200205 a 4500 | ||
|---|---|---|---|
| 005 | 20210219152825.0 | ||
| 008 | 991125n 000 0 eng u | ||
| 035 | _aUPN01000062470 | ||
| 222 | _aTHEORY AND RESEARCH IN SOCIAL EDUCATION | ||
| 245 | _aAcademic freedom and the preparation of social studies teachers / Grace Mitchell...[et. al.] | ||
| 300 | _a54-66 | ||
| 362 | 0 | _a1997 Vol. 25, no. 1, winter | |
| 653 | 0 | _aCIVISMO | |
| 653 | 0 | _aDESARROLLO CURRICULAR | |
| 653 | 0 | _aENSEĆANZA | |
| 653 | 0 | _aFORMACION DE MAESTROS | |
| 700 | 0 |
_aMitchell, Grace, _ecoaut. |
|
| 904 |
_aAC _b000281 |
||
| 905 | _aArticulo | ||
| 999 |
_c61732 _d61732 |
||